Text book of surveying (Record no. 9715)

000 -LEADER
fixed length control field 00462nam a2200193 4500
001 - CONTROL NUMBER
control field 9715
003 - CONTROL NUMBER IDENTIFIER
control field BD-DhUET
008 - FIXED-LENGTH DATA ELEMENTS--GENERAL INFORMATION
fixed length control field 150201b xxu||||| |||| 00| 0 eng d
040 ## - CATALOGING SOURCE
Original cataloging agency DLC
Transcribing agency DLC
Modifying agency BD-DhUET
082 ## - DEWEY DECIMAL CLASSIFICATION NUMBER
Classification number 526.9
Item number SHA/1982
100 ## - MAIN ENTRY--PERSONAL NAME
Personal name Shajahan, M.
245 ## - TITLE STATEMENT
Title Text book of surveying
250 ## - EDITION STATEMENT
Edition statement 1st ed.
260 ## - PUBLICATION, DISTRIBUTION, ETC. (IMPRINT)
Place of publication, distribution, etc. Dacca
Name of publisher, distributor, etc. Kazi Mahfuzur Rahman
Date of publication, distribution, etc. 1982
300 ## - PHYSICAL DESCRIPTION
Extent x, 367p.
Other physical details ill.
650 #0 - SUBJECT ADDED ENTRY--TOPICAL TERM
Topical term or geographic name as entry element Surveying
700 ## - ADDED ENTRY--PERSONAL NAME
Personal name Aziz, M. A.
942 ## - ADDED ENTRY ELEMENTS (KOHA)
Koha item type General Book
Holdings
Price effective from Koha issues (times borrowed) Koha item type Koha full call number Koha date last borrowed Koha date last seen Lost status Date acquired Source of classification or shelving scheme Not for loan Koha normalized classification for sorting Piece designation (barcode) Damaged status Location (home branch) Copy number Withdrawn status Sublocation or collection (holding branch) Shelving location Koha out on loan
2015-02-017General Book526.9/SHA/19822024-11-192025-12-02 2015-02-01  526_900000000000000_SHA_198256198  Central Library, BUET1 Central Library, BUETCirculation section 
2015-03-248General Book526.9/SHA/19822024-11-192024-11-19 2015-03-24  526_900000000000000_SHA_198256200 Central Library, BUET2 Central Library, BUETCirculation section2024-12-03
2015-06-08 Reading Item526.9/SHA/1982 2015-06-08 2015-06-08  526_900000000000000_SHA_198256191 Central Library, BUET3 Central Library, BUETReading section 
2015-06-08 Reading Item526.9/SHA/1982 2015-06-08 2015-06-08  526_900000000000000_SHA_198256195 Central Library, BUET4 Central Library, BUETReading section 
2015-06-09 Reading Item526.9/SHA/1982 2015-06-09 2015-06-09  526_900000000000000_SHA_198256192 Central Library, BUET5 Central Library, BUETReading section 
2015-06-13 Reading Item526.9/SHA/1982 2015-06-13 2015-06-13  526_900000000000000_SHA_198256194 Central Library, BUET6 Central Library, BUETReading section